Périphrase: Désignant les pays - Statistiques

Statistiques générales
  • Ce quiz a été pris 65 fois
  • Le résultat moyen est 24 sur 32
Statistiques - réponses
Hint Réponse % Correct
Le pays des Tsars Russie
100%
Le pays des kangourous Australie
98%
La botte Italie
98%
L'archipel; le pays du soleil levant Japon
98%
Le pays de l'oncle Sam Etats-Unis
97%
Le pays des tulipes Pays-Bas
97%
L'empire Céleste; l'Empirer du milieu Chine
93%
Le pays aux 300 fromages; le pays des droits de l'homme France
93%
Le pays des Fjords Norvège
93%
Outre-Rhin Allemagne
92%
La péninsule Ibérique Espagne
92%
Le pays de Dracula Roumanie
92%
Confédération helvétique; Helvétie Suisse
87%
Le Saint-siège Vatican
83%
Le pays des Kiwis Nouvelle-Zélande
82%
La plus grande démocratie au monde Inde
78%
Le pays du Cèdre Liban
77%
Le rocher Monaco
70%
Le grenier à blé d'Europe; le panier d'Europe Ukraine
70%
La suisse d'Amérique du Sud Uruguay
68%
Le plat pays Belgique
65%
Le pays du Matin calme Corée
65%
Le pays des 1000 lacs Finlande
63%
L'Anatolia Turquie
63%
Le pays du thé Royaume-Uni
62%
La nation arc-en-ciel Afrique du Sud
60%
La forteresse des Balkans Albanie
60%
La Suisse de l'Amérique centrale Costa Rica
60%
Le pays du sourire Thaïlande
38%
La suisse d'Asie Singapour
35%
Le pays du jasmin Tunisie
25%
La perle de l'Afrique Ouganda
15%
Aucun quiz correspondant
Distribution des résultats
% des personnes avec chaque résultat
Percentile par nombre de réponses
Votre historique - résultats
Vous n’avez pas pris ce quiz